000 00732nam a2200265Ia 4500
005 20260302115102.0
008 008 260114s9999 xx 000 0 eng d
020 _a9781628926873
037 _aTextbook
040 _aCRL
040 _beng
040 _cCRL
041 _2eng
041 _aeng
084 _qCRL
100 _aStefano Ercolino
_91120651
245 4 _aThe Maximalist Novel From Thomas Pynchon's Gravity's Rainbow to Roberto Bolano's 2666
260 _bBloomsbury
260 _bBloomsbury Academic
260 _c2014
650 _aLiterary Studies
856 _uhttps://dx.doi.org/10.5040/9781628926873?locatt=label:secondary_bloomsburyCollections
942 _cEBOOK
999 _c1684905
_d1684905